Znaki drogowe - Statystyki

Ogólne statystyki
  • Ten quiz został rozwiązany 2 152 razy
  • Średni wynik to 7 z 15
Statystyki odpowiedzi
Obrazkowy Odpowiedź % Poprawnych
Roboty drogowe
84%
Ustąp pierwszeństwa
78%
Zakaz wjazdu
67%
Restauracja
65%
Tunel
64%
Autostrada
62%
Lotnisko
54%
Droga dla rowerów
44%
Próg zwalniający
42%
Droga ekspresowa
41%
Zakaz ruchu w obu kierunkach
17%
Wypadek drogowy
15%
Zwężenie jezdni lewostronne
9%
Stacja obsługi technicznej
6%
Zakaz wjazdu pojazdów silnikowych
6%
Nie znaleziono quizów pasujących do podanych kryteriów
Rozkład punktacji
Procent ludzi z każdym wynikiem
Percentyl według liczby udzielonych odpowiedzi
Twoja historia wyników
Nie rozwiązałeś tego quizu